Statistics for New Zealand Test Cricket - 200 or more runs in an innings

Click here to take the quiz!

General Stats

  • This quiz has been taken 686 times
    (259 since last reset)
  • The average score is 17 of 25

Answer Stats

RunsOpponentPlayer% Correct
242Sri LankaKane Williamson
94%
302IndiaBrendon McCullum
93%
202PakistanBrendon McCullum
93%
225IndiaBrendon McCullum
93%
224IndiaBrendon McCullum
93%
290AustraliaRoss Taylor
93%
217*West IndiesRoss Taylor
93%
299Sri LankaMartin Crowe
92%
274*Sri LankaStephen Fleming
86%
262South AfricaStephen Fleming
86%
202BangladeshStephen Fleming
86%
264*Sri LankaTom Latham
83%
222EnglandNathan Astle
72%
205EnglandBJ Watling
63%
200EnglandDevon Conway
62%
214West IndiesMathew Sinclair
54%
204*PakistanMathew Sinclair
54%
223*West IndiesGlenn Turner
52%
259West IndiesGlenn Turner
52%
267*Sri LankaBryan Young
46%
201IndiaJesse Ryder
41%
224Sri LankaLou Vincent
39%
230*IndiaBert Sutcliffe
38%
206EnglandMartin Donnelly
30%
239IndiaGraham Dowling
27%

Score Distribution

Percentile by Number Answered

Percent of People with Each Score

Your Score History

You have not taken this quiz since the last reset